logo

Bir Sreshtho Munshi Abdur Rouf Library
Jhenaidah Cadet College

State and local government / (Record no. 9651)

MARC details
000 -LEADER
fixed length control field 00928nam a2200337 a 4500
001 - CONTROL NUMBER
JCCL Control Number 9651
003 - CONTROL NUMBER IDENTIFIER
JCCL marc code BD-JhCC
005 - DATE AND TIME OF LATEST TRANSACTION
control field 20231031074353.0
008 - FIXED-LENGTH DATA ELEMENTS--GENERAL INFORMATION
fixed length control field 180321s1976 nyu b 001 0 eng d
020 ## - INTERNATIONAL STANDARD BOOK NUMBER
International Standard Book Number 0029051800
035 ## - SYSTEM CONTROL NUMBER
system control number MITb10027370
035 ## - SYSTEM CONTROL NUMBER
system control number (BD-JhCC)9651
035 ## - SYSTEM CONTROL NUMBER
system control number BD-JhCC
040 ## - CATALOGING SOURCE
Original cataloging agency BD-JhCC
Transcribing agency DLC
Modifying agency BD-JhCC
041 ## - LANGUAGE CODE
Language code of Book eng
050 0# - LIBRARY OF CONGRESS CALL NUMBER
Classification number JS323
Item number .S78
082 ## - DEWEY DECIMAL CLASSIFICATION NUMBER
Author mark and Year MAD 1962
099 ## - LOCAL FREE-TEXT CALL NUMBER
Classification number JS323.S78
100 ## - MAIN ENTRY--PERSONAL NAME
Personal name Maddox, Russell W.
245 00 - TITLE STATEMENT
Title State and local government /
Statement of responsibility, etc Russell W. Maddox and Robert F. Fuquay
260 ## - PUBLICATION, DISTRIBUTION, ETC. (IMPRINT)
Place of publication, distribution, etc New York :
Name of publisher, distributor, etc Free Press,
Date of publication, distribution, etc c1976.
300 ## - PHYSICAL DESCRIPTION
Pagination 712 p. ;
Dimensions 25 cm.
504 ## - BIBLIOGRAPHY, ETC. NOTE
Bibliography, etc Includes bibliographical references and index.
650 #0 - SUBJECT ADDED ENTRY--TOPICAL TERM
Topical term or geographic name as entry element Local government
Geographic subdivision United States.
650 #0 - SUBJECT ADDED ENTRY--TOPICAL TERM
Topical term or geographic name as entry element Municipal services
Geographic subdivision United States.
650 #0 - SUBJECT ADDED ENTRY--TOPICAL TERM
Topical term or geographic name as entry element State governments.
700 1# - ADDED ENTRY--PERSONAL NAME
Personal name Campbell, Alan K.
700 1# - ADDED ENTRY--PERSONAL NAME
Personal name Bahl, Roy W.
942 ## - ADDED ENTRY ELEMENTS (KOHA)
Source of classification or shelving scheme Dewey Decimal Classification
Koha item type Books
Holdings
Source of classification or shelving scheme Damaged status Not for loan Home library Current library Shelving location Date of accession Full call number Barcode Date last seen Copy number Koha item type
Dewey Decimal Classification     JCC Rouf Library JCC Rouf Library General Stacks 03/21/2018 320.473049 MAD 1962 12072 03/21/2018 C-1 Books

JCC Library | Contacts | JCC Home

Last Update on 23 September 2017
Copyright @ 2017-2020 JCC Rouf Library
Rouf Library, Jhenidah Cadet College (JCC), Bangladesh